00555nam a22001337a 450000500170000000800410001702000180005805000150007610000030009124500360009430000240013050000310015450502360018520240715123307.0240715b ||||| |||| 00| 0 eng d a9780325002279 aLB1525.T32  aStrategies for teaching reading axvi, 219 p, c28cm. aIncludes work cited, index aContents: understanding our role and goal -- assessing children to determine their strengths and needs -- Demonstrating strategies: Whole class, small group, one -on -one -- Offering Children opportunities for practice and response